zpět

Detail výsledku týmu

Vykulená Sova ČT, Písek

Datum a čas kvízu

35 Celkem bodů Celkový počet nahraných bodů na tomto kvízu bez doplňovacích otázek.
4. Pořadí na kvízu Konečné umístění týmu na tomto kvízu.

Zaznamenané odpovědi

# Otázka Odpověď Body Výsledky
1. Jedna česká politička oslavila... Markéta Pekarová Adamová 1
2. Prezident jedné jihoamerické z... Venezuela 1
3. Tvůrci jednoho oblíbeného seri... Simpsonovi 1
4. V úterý se stal novým generáln... z Nizozemska 0
5. Napište názvy dvou hokejových... Buffalo Sabres, New Jersey Devils 0
6. Který stát zcela obklopuje zem... Jihoafrická republika (JAR, Jižní Afrika) 0
7. Kaliningrad neboli Královec je... Přemysla Otakara II. 0
8. V Pásmu Gazy, jež je v podstat... A 0
9. V roce 2015 během jediného dne... Indie a Bangladéš 0.5
10. Republika San Marino je druhý... Rimini 1